<?xml version="1.0" encoding="UTF-8"?><?xml-stylesheet type="text/xsl" href="static/style.xsl"?><OAI-PMH xmlns="http://www.openarchives.org/OAI/2.0/" xmlns:xsi="http://www.w3.org/2001/XMLSchema-instance" xsi:schemaLocation="http://www.openarchives.org/OAI/2.0/ http://www.openarchives.org/OAI/2.0/OAI-PMH.xsd"><responseDate>2026-06-29T02:43:03Z</responseDate><request verb="GetRecord" identifier="oai:docta.ucm.es:20.500.14352/115123" metadataPrefix="marc">https://docta.ucm.es/rest/oai/request</request><GetRecord><record><header><identifier>oai:docta.ucm.es:20.500.14352/115123</identifier><datestamp>2025-03-18T12:25:36Z</datestamp><setSpec>com_20.500.14352_14</setSpec><setSpec>col_20.500.14352_15</setSpec></header><metadata><record xmlns="http://www.loc.gov/MARC21/slim" xmlns:dcterms="http://purl.org/dc/terms/" xmlns:xsi="http://www.w3.org/2001/XMLSchema-instance" xmlns:doc="http://www.lyncode.com/xoai" xsi:schemaLocation="http://www.loc.gov/MARC21/slim http://www.loc.gov/standards/marcxml/schema/MARC21slim.xsd">
   <leader>00925njm 22002777a 4500</leader>
   <datafield ind2=" " ind1=" " tag="042">
      <subfield code="a">dc</subfield>
   </datafield>
   <datafield ind2=" " ind1=" " tag="720">
      <subfield code="a">Martini, Alice</subfield>
      <subfield code="e">author</subfield>
   </datafield>
   <datafield ind2=" " ind1=" " tag="260">
      <subfield code="c">2020</subfield>
   </datafield>
   <datafield ind2=" " ind1=" " tag="520">
      <subfield code="a">This chapter investigates the standardisation and legitimisation of countering extremism at an international level. Based on Critical Discourse Analysis (CDA), it examines the UN Security Council’s discourse on extremism. It is argued here that the concept has problematically been assigned a wide range of meanings, encompassing phenomena that go from physical violence to behaviours and even ideas. The Council has reflected but also mutually constituted this shift in the global discourse on terrorism, broadening and legitimising States’ and the same organ’s exceptional powers. Moreover, in virtue of its legal and political powers, it has also established international bodies and legal norms, enforcing them on States. Discussing these processes, the chapter analyses what is thus better conceptualised as a Foucauldian dispositif of extremism. Through this, the UNSC enforced global, standardised governmentality. In the name of fighting and preventing extremism, this governmentality encompassed the public and political realm, but also the private and domestic sphere.</subfield>
   </datafield>
   <datafield ind1="8" ind2=" " tag="024">
      <subfield code="a">Martini, Alice. «Legitimising countering extremism at an international level: the role of the United Nations Security Council». Encountering Extremism: theoretical issues and local challenges, Alice, 2020, pp. 159-179.</subfield>
   </datafield>
   <datafield ind1="8" ind2=" " tag="024">
      <subfield code="a">978-1-5261-3660-2</subfield>
   </datafield>
   <datafield ind1="8" ind2=" " tag="024">
      <subfield code="a">10.7765/9781526136619.00015</subfield>
   </datafield>
   <datafield ind1="8" ind2=" " tag="024">
      <subfield code="a">https://hdl.handle.net/20.500.14352/115123</subfield>
   </datafield>
   <datafield ind1="8" ind2=" " tag="024">
      <subfield code="a">https://doi.org/10.7765/9781526136619.00015</subfield>
   </datafield>
   <datafield ind2="0" ind1="0" tag="245">
      <subfield code="a">Legitimising countering extremism at an international level: the role of the United Nations Security Council</subfield>
   </datafield>
</record></metadata></record></GetRecord></OAI-PMH>